Holiday Quiz

Random Holiday or Clickable Quiz

Surprising Alternatives to St Patrick's Day Quiz Stats

 Plays Quiz not verified by Sporcle

Score 0/12 Timer 02:00
0 Plays Today
% Correct
St Catshift's Day
86.5%
St Matchstick's Day
84.2%
St Roadtrip's Day
83.8%
St Fatbrick's Day
82.4%
St Hatrick's Day
81%
St Ratflick's Day
78.9%
St Slapstick's Day
76.1%
St Thatsquick's Day
75.7%
St Traprick's Day
68.8%
St Plaitsis' Day
68.6%
St Batswift's Day
65.1%
St Pratslick's Day
62%

You're not logged in!

Compare scores with friends on all Sporcle quizzes.
OR
Log In

Show Comments

Extras

Top Quizzes Today


Score Distribution

Your Account Isn't Verified!

In order to create a playlist on Sporcle, you need to verify the email address you used during registration. Go to your Sporcle Settings to finish the process.

Report this User

Report this user for behavior that violates our Community Guidelines.

Details: